000 02022cam a22004214a 4500
999 _c3346
_d3346
001 54853250
003 OCoLC
005 20181108171737.0
008 040322s2004 miua b 000 0deng
010 _a2004006778
020 _a0800759494
020 _a9780800759490
020 _a9780800719050 (hc)
020 _a0800719050 (hc)
020 _a9780739453933 (hc)
020 _a0739453939 (hc)
020 _a0800731662
020 _a9780800731663
035 _a(OCoLC)54853250
040 _aDLC
_beng
_cDLC
_dBAKER
_dIH5
_dEGM
_dBTCTA
_dYDXCP
_dIEF
_dIG#
_dSMP
_dFSM
_dFLR
_dT7B
_dOCLCQ
_dMPL
_dLPL
042 _apcc
050 _aBT846.3
_b.P56 2004
082 _a231.73
_bP665n
100 1 _aPiper, Don,
_d1950-
245 1 0 _a90 minutes in heaven :
_ba true story of death & life /
_cDon Piper with Cecil Murphey
246 3 _aNinety minutes in heaven
260 _aGrand Rapids, Mich. :
_bRevell,
_cc2004
300 _a207 p. :
_bill. ;
_c22 cm
504 _aIncludes bibliographical references (p. 207)
505 0 _aThe accident -- My time in heaven -- Heavenly music -- From heaven to earth -- Earth to hospital -- The recovery begins -- Decisions and challenges -- Pain and adjustments -- Endless adjustments -- More miracles -- Back to church -- Opening up -- The clasping hand -- The new normal -- Touching lives -- Finding purpose -- Longing for home -- The why questions
520 0 _aAs he is driving home from a minister's conference, Baptist minister Don Piper collides with a semi-truck that crosses into his lane. He is pronounced dead at the scene. For the next 90 minutes, Piper experiences heaven where he is greeted by those who had influenced him spiritually. He hears beautiful music and feels true peace
600 1 0 _aPiper, Don,
_d1950-
650 0 _aHeaven
_xChristianity
650 0 _aNear-death experiences
_xReligious aspects
_xChristianity
700 1 _aMurphey, Cecil
856 4 1 _3Table of contents
_uhttp://catdir.loc.gov/catdir/toc/ecip0416/2004006778.html
942 _2ddc
_cBK